Catálogo

Vista normal Vista MARC

Entrada Personal Name

Número de registros utilizados en: 3

001 - CONTROL NUMBER

  • control field: 45

003 - CONTROL NUMBER IDENTIFIER

  • control field: OSt

005 - DATE AND TIME OF LATEST TRANSACTION

  • control field: 20200615102633.0

008 - FIXED-LENGTH DATA ELEMENTS

  • fixed length control field: 150302 a|ac|n|aab||||||||||||a |n|||||||

010 ## - LIBRARY OF CONGRESS CONTROL NUMBER

  • LC control number: 79094677

040 ## - CATALOGING SOURCE

  • Original cataloging agency: DLC
  • Transcribing agency: Mx-PuUPA
  • Language of cataloging: spa
  • Modifying agency: DLC
  • Modifying agency: Mx-PuUPA
  • Description conventions: rda

100 1# - HEADING--PERSONAL NAME

  • Personal name: Afifi, Adel K.

374 ## - OCCUPATION

  • Occupation: Autor

375 ## - GENDER

  • Gender: hombre

377 ## - ASSOCIATED LANGUAGE

  • Language code: eng

670 ## - SOURCE DATA FOUND

  • Source citation: Author’s Atlas of microscopic anatomy, 1974.

670 ## - SOURCE DATA FOUND

  • Source citation: Bergman, R.A. Atlas of microscopic anatomy, 1989:
  • Information found: surrogate t.p. (Adel K. Afifi; M.D., M.Sc.; College of Medicine, University of Iowa, Iowa City)

670 ## - SOURCE DATA FOUND

  • Source citation: Information from 678 converted Dec. 19, 2014
  • Information found: (assoc. prof. & chairman, Dept. of Human Morphology; Amer. University of Beirut, Lebanon; b. 10/19/30)

670 ## - SOURCE DATA FOUND

  • Source citation: Biblioteca del congreso (Estados Unidos), 09 octubre 2018:
  • Information found: catálogo electrónico
  • Uniform Resource Identifier: https://goo.gl/YuS4QV